[Event "ROM-ch U14"]
[Site "Mamaia"]
[Date "2021.04.13"]
[Round "9"]
[White "Antohi, Bogdan"]
[Black "David, Alexandru Constanti"]
[Result "1-0"]
[WhiteElo "1089"]
[BlackElo "1001"]
[PlyCount "89"]
[EventDate "2021.04.07"]
[EventType "swiss"]
[EventRounds "9"]
[EventCountry "ROU"]
[SourceTitle "EXT 2022"]
[Source "ChessBase"]
[SourceDate "2021.10.06"]
[SourceVersion "1"]
[SourceVersionDate "2021.10.06"]
[SourceQuality "1"]

1. d4 Nf6 2. c4 g6 3. Nc3 Bg7 4. e4 d6 5. h3 0-0 6. Bg5 e5 7. dxe5 dxe5 8. Qxd8 Rxd8 9. Nd5 Nbd7 10. Rd1 Rf8 11. Nxc7 Rb8 12. Nd5 Nxd5 13. cxd5 f6 14. Be3 a6 15. Ne2 Rd8 16. g4 g5 17. f3 Bf8 18. Rc1 b5 19. h4 h6 20. Ng3 Nb6 21. b3 Bd7 22. hxg5 hxg5 23. Rh2 Be8 24. Nf5 Nc8 25. Rc7 Bd7 26. Rhc2 Bb4+ 27. Kf2 Bf8 28. Bc5 Bxf5 29. gxf5 Bxc5+ 30. R2xc5 Nd6 31. Ra7 Rb6 32. Rcc7 Ne8 33. Rc6 Rxc6 34. dxc6 Rd2+ 35. Ke3 Rc2 36. Rxa6 Nc7 37. Rb6 Kf8 38. Bxb5 Nxb5 39. Rxb5 Rxc6 40. Kd2 Ke7 41. Rd5 Ke8 42. a4 Rc7 43. Kd3 Ke7 44. b4 Rc1 45. a5 1-0

[Event "ROM-ch U14"]
[Site "Mamaia"]
[Date "2021.04.11"]
[Round "7"]
[White "Radu, Silviu Cristian"]
[Black "David, Alexandru Constanti"]
[Result "1/2-1/2"]
[WhiteElo "1017"]
[BlackElo "1001"]
[PlyCount "126"]
[EventDate "2021.04.07"]
[EventType "swiss"]
[EventRounds "9"]
[EventCountry "ROU"]
[SourceTitle "EXT 2022"]
[Source "ChessBase"]
[SourceDate "2021.10.06"]
[SourceVersion "1"]
[SourceVersionDate "2021.10.06"]
[SourceQuality "1"]

1. d4 Nf6 2. c4 g6 3. Nc3 Bg7 4. e4 d6 5. Nf3 e5 6. d5 0-0 7. Be2 Bg4 8. 0-0 a5 9. a4 Na6 10. Be3 Nd7 11. Nd2 Bxe2 12. Nxe2 f5 13. f3 f4 14. Bf2 Nac5 15. Nb3 b6 16. Nxc5 Nxc5 17. Bxc5 bxc5 18. Qd2 Qd7 19. g3 g5 20. g4 Rf6 21. Rf2 h5 22. h3 hxg4 23. hxg4 Rh6 24. Kf1 Rh1+ 25. Ng1 Bf6 26. Rh2 Rxh2 27. Qxh2 Qh7 28. Qxh7+ Kxh7 29. Ne2 Rb8 30. Rb1 Rb6 31. Nc3 c6 32. b3 Bd8 33. Ke2 Kg6 34. Kd3 cxd5 35. Nxd5 Rb7 36. Kc2 Rh7 37. Rd1 Rh2+ 38. Rd2 Rh3 39. Rf2 Rg3 40. Nc3 Be7 41. Nb5 Rh3 42. Nc7 Bd8 43. Nd5 Rg3 44. Kc3 Rh3 45. b4 axb4+ 46. Nxb4 cxb4+ 47. Kxb4 Rh1 48. Rb2 Rf1 49. Rb3 Ra1 50. Kb5 Kf6 51. Rb4 Ke6 52. c5 dxc5 53. Kxc5 Ba5 54. Rc4 Rb1 55. Rc2 Kd7 56. Rh2 Rb3 57. Rh3 Ke6 58. Rh6+ Kf7 59. Rh3 Kg6 60. Kd5 Bc3 61. Rh8 Ba1 62. Rg8+ Kf6 63. Rf8+ Kg7 1/2-1/2

[Event "ROM-ch U14"]
[Site "Mamaia"]
[Date "2021.04.07"]
[Round "1"]
[White "Stingu, Alin"]
[Black "David, Alexandru Constanti"]
[Result "1-0"]
[WhiteElo "1643"]
[BlackElo "1001"]
[PlyCount "59"]
[EventDate "2021.04.07"]
[EventType "swiss"]
[EventRounds "9"]
[EventCountry "ROU"]
[SourceTitle "EXT 2022"]
[Source "ChessBase"]
[SourceDate "2021.10.06"]
[SourceVersion "1"]
[SourceVersionDate "2021.10.06"]
[SourceQuality "1"]

1. e4 e5 2. Nf3 Nf6 3. Nxe5 d6 4. Nf3 Nxe4 5. d3 Nf6 6. d4 d5 7. Bg5 Be7 8. Bd3 0-0 9. 0-0 Bg4 10. Nbd2 Nc6 11. c3 h6 12. Bh4 Nh5 13. Bxe7 Nxe7 14. h3 Nf4 15. hxg4 Nxd3 16. Qc2 Nf4 17. Ne5 f6 18. Nd3 Neg6 19. Nxf4 Nxf4 20. Qf5 Qd6 21. g3 Nh3+ 22. Kg2 Ng5 23. Rh1 c6 24. Nf3 Nf7 25. Nh4 Ng5 26. Rae1 Rae8 27. Qg6 Rxe1 28. Nf5 Qd7 29. Nxh6+ Kh8 30. Nf7+ 1-0